The paper jewelry book/ (Record no. 783)

MARC details
000 -LEADER
fixed length control field 00476nam a2200181 a 4500
005 - DATE AND TIME OF LATEST TRANSACTION
control field 20260322212034.0
008 - FIXED-LENGTH DATA ELEMENTS--GENERAL INFORMATION
fixed length control field data
020 ## - INTERNATIONAL STANDARD BOOK NUMBER
International Standard Book Number 1564963500
020 ## - INTERNATIONAL STANDARD BOOK NUMBER
International Standard Book Number 9781564963505
092 ## - LOCALLY ASSIGNED DEWEY CALL NUMBER (OCLC)
Classification number 745.54 Wro 1998
001 - CONTROL NUMBER
control field data
100 1# - MAIN ENTRY--PERSONAL NAME
Personal name Wrobel, Jessica
245 14 - TITLE STATEMENT
Title The paper jewelry book/
Statement of responsibility, etc. Jessica Wrobel.
260 ## - PUBLICATION, DISTRIBUTION, ETC.
Place of publication, distribution, etc. Gloucester, Mass. :
Name of publisher, distributor, etc. Rockport Publishers ;
Date of publication, distribution, etc. 1998
300 ## - PHYSICAL DESCRIPTION
Extent 80, [8] pages : color illustrations ;
Other physical details 28 cm
650 #0 - SUBJECT ADDED ENTRY--TOPICAL TERM
Topical term or geographic name entry element Jewelry making
650 #0 - SUBJECT ADDED ENTRY--TOPICAL TERM
Topical term or geographic name entry element Paper work
Holdings
Withdrawn status Lost status Damaged status Not for loan Home library Current library Shelving location Date acquired Total checkouts Full call number Barcode Date last seen Price effective from Koha item type
        Centerville Centerville General stacks 22/03/2026   GEN BC0010805 22/03/2026 22/03/2026 Books